Słowa polskiego hymnu - nagła śmierć - Statystyki

Ogólne statystyki
  • Ten quiz został rozwiązany 19 222 razy
    19 164 od ostatniego zresetowania
  • Średni wynik to 8 z 25
Answers on the Grid
Answers color-coded by a green-red scale on the quiz's grid according to % correct below.
Austriak
Bonaparte
Czarniecki
Dąbrowski
Dla
jeno
jeszcze
marsz
na
nam
Napoleon
nasi
nie
Niemcy
obca
Odrę
pod
póki
Polska
pono
Przejdziemy
przewodem
ratowanie
się
Słuchaj
spłakany
swej
szwedzkimi
tarabany
umarła
w
Wisłę
Włochów
Wrócim
wygrywać
Z
Za
zaborem
zginęła
Złączym
 
Statystyki odpowiedzi
Odpowiedź % Poprawnych
Bonaparte
79%
Czarniecki
76%
marsz
74%
Dąbrowski
72%
jeszcze
65%
jeno
62%
Dla
30%
Polska
28%
nasi
26%
zginęła
23%
nie
21%
nam
20%
obca
19%
przewodem
19%
tarabany
19%
Złączym
18%
pono
17%
Wisłę
17%
Słuchaj
14%
Z
13%
Wrócim
10%
Za
10%
się
9%
swej
5%
w
4%
Nie znaleziono quizów pasujących do podanych kryteriów
Rozkład punktacji
Procent ludzi z każdym wynikiem
Percentyl według liczby udzielonych odpowiedzi
Twoja historia wyników
Nie rozwiązałeś tego quizu od ostatniego zresetowania